Utubora mkulima/ (Record no. 13742)

000 -LEADER
fixed length control field 00510nam a22001697a 4500
008 - FIXED-LENGTH DATA ELEMENTS--GENERAL INFORMATION
fixed length control field 160905b xxu||||| |||| 00| 0 eng d
020 ## - INTERNATIONAL STANDARD BOOK NUMBER
International Standard Book Number 0237512254
050 ## - LIBRARY OF CONGRESS CALL NUMBER
Classification number PL 8704
Item number .K8R6
100 ## - MAIN ENTRY--PERSONAL NAME
Personal name Robert, Shaaban Bin
245 ## - TITLE STATEMENT
Title Utubora mkulima/
Statement of responsibility, etc. Shaaban Robert and Njau Elimo
260 ## - PUBLICATION, DISTRIBUTION, ETC. (IMPRINT)
Place of publication, distribution, etc. Nairobi :
Name of publisher, distributor, etc. Evans,
Date of publication, distribution, etc. 2009.
300 ## - PHYSICAL DESCRIPTION
Extent x, 91p. :
Other physical details ill.
440 ## - SERIES STATEMENT/ADDED ENTRY--TITLE
Title Diwani ya Shaaban
Name of part/section of a work 8
650 ## - SUBJECT ADDED ENTRY--TOPICAL TERM
Topical term or geographic name as entry element Fiction
General subdivision Swahili
700 ## - ADDED ENTRY--PERSONAL NAME
Personal name Njau Elimo
942 ## - ADDED ENTRY ELEMENTS (KOHA)
Source of classification or shelving scheme
Koha item type Africana (Books)
Classification part PL 8704 .K8R6 2009
Koha issues (borrowed), all copies 62
Holdings
Withdrawn status Lost status Source of classification or shelving scheme Damaged status Not for loan Home library Current library Shelving location Date acquired Source of acquisition Cost, normal purchase price Total Checkouts Full call number Barcode Date last seen Date last checked out Price effective from Koha item type
          MACHAKOS UNIVERSITY LIBRARY MACHAKOS UNIVERSITY LIBRARY Africana 05/09/2016 Donation 610.00 80 AFR PL 8704 .K8R6 2009 25615 18/03/2026 18/03/2026 05/09/2016 Africana (Books)
© Machakos University Library, Along The Highway, Machakos Wote Rd, Machakos, Kenya P.O. Box 136 - 90100 Machakos - Kenya

Tel: ( +254 ) 723 805829 OR Fax : 044-20353 OR Email: library@mksu.ac.ke